Histoire du drapeau du Paraguay - Statistiques

Statistiques générales
  • Ce quiz a été pris 19 fois
  • Le résultat moyen est 3 sur 8
Statistiques - réponses
Hint Réponse % Correct
Vice-royauté du Río de la Plata (1776-1811)
69%
Vice-royauté du Pérou (1542-1776)
62%
Sixième drapeau du Paraguay (drapeau actuel depuis 2013)
46%
Troisième drapeau du Paraguay (1811-1812)
38%
Deuxième drapeau du Paraguay (1811)
38%
Premier drapeau du Paraguay (1811)
31%
Cinquième drapeau du Paraguay (1990-2013)
31%
Quatrième drapeau du Paraguay (1812-1990)
23%
Aucun quiz correspondant
Distribution des résultats
% des personnes avec chaque résultat
Percentile par nombre de réponses
Votre historique - résultats
Vous n’avez pas pris ce quiz